| 000 | 01523nam a22004097a 4500 | ||
|---|---|---|---|
| 003 | CHAP | ||
| 005 | 20220329143227.0 | ||
| 008 | 070427d2003 us r 00110 spa d | ||
| 010 | _a93569 | ||
| 011 | _a94541 | ||
| 035 | _a105134 | ||
| 040 | _cCHAP | ||
| 090 | _aFolleto 17218 | ||
| 245 | 0 | 0 |
_aReferencias bibliográficas de : _bMejoras en la calidad de los servicios de salud reproductiva para los jóvenes y de ¿Cuánto cuesta mejorar la calidad de la atención en salud reproductiva? _c/por [s. m.] |
| 260 |
_aWashington, DC : _bPopulation Council, _c2003 |
||
| 300 | _a5 p. (hoja desplegable) | ||
| 490 | _aNuevas perspectivas sobre la calidad de la atención | ||
| 590 |
_aBATCH-UPD _b10 _c20130110 _lUCH01 _h0356 |
||
| 590 |
_aBATCH-UPD _b10 _c20130110 _lUCH01 _h1957 |
||
| 590 |
_aBATCH-UPD _b10 _c20130410 _lUCH01 _h0030 |
||
| 590 |
_aBATCH-UPD _b10 _c20130410 _lUCH01 _h1600 |
||
| 590 |
_aBATCH-UPD _b10 _c20130914 _lUCH01 _h0257 |
||
| 590 |
_aCONVERSION _b10 _c20130109 _lUCH01 _h1352 |
||
| 650 | 1 | 4 |
_aAdolescencia. _9954 |
| 650 | 1 | 4 |
_aAtención. _98217 |
| 650 | 1 | 4 |
_aBibliografía. _912194 |
| 650 | 1 | 4 |
_aCalidad _xControl de la. _917484 |
| 650 | 1 | 4 |
_aCalidad _xCostos. _917487 |
| 650 | 1 | 4 |
_aReproducción. _996027 |
| 650 | 1 | 4 |
_aSalud pública. _9101813 |
| 650 | 1 | 4 |
_aServicios públicos. _9105335 |
| 830 | 0 |
_aNuevas perspectivas sobre la calidad de la atención _982150 |
|
| 901 | _aBK | ||
| 905 | _aMarco A. Mendoza T. | ||
| 942 | _cFOLL | ||
| 949 |
_aFolleto 17218 _bBC _cFOLL _d33724002030728 _eTS1 _i105134 _sb |
||
| 999 |
_c93569 _d93569 |
||